02540nam a22002177a 450000500170000000800410001702000180005804000070007604100120008308200200009510000190011524500700013425000070020426000410021130000300025236500620028252019170034465000160226170000210227770000240229820251013145152.0251013b |||||||| |||| 00| 0 eng d a9788126554232 cAL aEnglish a510.02462bKREA aErwin Kreyszig aAdvanced Engineering Mathematicsb: International student version a10 aNew DelhibWiley India pvt Ltdc2024 axv,1001 p.bPBc25x21 cm. aABDI/0818/25b₹899.25c₹d₹1199.00e25%f03-10-2025 aThe tenth edition of this bestselling text includes examples in more detail and more applied exercises; both changes are aimed at making the material more relevant and accessible to readers. Kreyszig introduces engineers and computer scientists to advanced math topics as they relate to practical problems. It goes into the following topics at great depth differential equations, partial differential equations, Fourier analysis, vector analysis, complex analysis and linear algebra / differential equations. bContents Part A Ordinary Differential Equations (ODEs) Chapter 1 First-Order ODEs Chapter 2 Second-Order Linear ODEs Chapter 3 Higher Order Linear ODEs Chapter 4 Systems of ODEs. Phase Plane. Qualitative Methods Chapter 5 Series Solutions of ODEs. Special Functions Chapter 6 Laplace Transforms Part B Linear Algebra. Vector Calculus Chapter 7 Linear Algebra: Matrices, Vectors, Determinants. Linear Systems Chapter 8 Linear Algebra: Matrix Eigenvalue Problems Chapter 9 Vector Differential Calculus. Grad, Div, Curl Chapter 10 Vector Integral Calculus. Integral Theorems Part C Fourier Analysis. Partial Differential Equations (PDEs) Chapter 11 Fourier Analysis Chapter 12 Partial Differential Equations (PDEs) Part D Complex Analysis Chapter 13 Complex Numbers and Functions. Complex Differentiation Chapter 14 Complex Integration Chapter 15 Power Series, Taylor Series Chapter 16 Laurent Series. Residue Integration Chapter 17 Conformal Mapping Chapter 18 Complex Analysis and Potential Theory Part E Numeric Analysis Chapter 19 Numerics in General Chapter 20 Numeric Linear Algebra Chapter 21 Numerics for ODEs and PDEs Part F Optimization, Graphs Chapter 22 Unconstrained Optimization. Linear Programming Chapter 23 Graphs. Combinatorial Optimization Appendix 1 References Appendix 2 Answers to Selected Problems Appendix 3 Auxiliary Material Appendix 4 Additional Proofs Appendix 5 Tables aEngineering aHerbert,Kreyszig aEdward, J norminton